AH International Schools' Libraries

(Khmer) Successful study tips for kids / (Record no. 50039)

MARC details
000 -LEADER
fixed length control field 00255nam a2200097 4500
020 ## - INTERNATIONAL STANDARD BOOK NUMBER
International Standard Book Number 9789924579489
245 ## - TITLE STATEMENT
Title (Khmer) Successful study tips for kids /
Statement of responsibility, etc Sou Sopheaktra.
260 ## - PUBLICATION, DISTRIBUTION, ETC. (IMPRINT)
Place of publication, distribution, etc Cambodia:
Name of publisher, distributor, etc Heart Kids;
300 ## - PHYSICAL DESCRIPTION
Dimensions 20 cm.
942 ## - ADDED ENTRY ELEMENTS (KOHA)
Source of classification or shelving scheme
Koha item type Khmer NON FIC Books
Holdings
Withdrawn status Lost status Source of classification or shelving scheme Damaged status Not for loan Collection code Home library Current library Date acquired Full call number Barcode Date last seen Price effective from Koha item type
          Siem Riep Asian Hope Secondary Library Asian Hope Secondary Library 01/13/2026 KHMER 371.3 SOU 210180 01/13/2026 01/13/2026 Khmer NON FIC Books

For any Logos Library related questions please contact Miss Art at swongnarasuk@asianhope.org.

For any Asian Hope Library related questions please contact Miss Raza at graza@asianhope.org.

Click here to explore our ebooks!

Powered by Koha